00685nam a2200241 a 4500001001300000003000900013005001700022008004100039020001000080082001700090100002600107245002100133260003800154300001000192500003500202505001000237650002500247700002600272902000800298942000700306952011700313999001300430nice12345678IN_TiNIC20260116011348.0050524s1331 teha grp 000 0 per  ac10000a297.82bBAQ2 aBaqar, Mulla Mohammad aTazkeratul Aimma aTehranbKutub Khana Markazic1331 a213p. aincludes index and biblioraphy2 aIndex aShiah-Imam-doctrines1 aBaqar, Mulla Mohammad bSRS cBK 001040708StackRoom-aHMIbHMId2007-06-28g100.00l0o297.82 BAQ2p03100r2007-06-28v100.00w2005-05-24yBK c852d852